Szczegóły MARC21

Umowy leasingu : aspekty podatkowo-prawne /

003 -Nazwa inst., której nr kontr. jest w polu 001 [,]
    • @
    • Nazwa instytucji, której n kontrolny jest w polu 001
    • NUKAT
005 -DATA I CZAS OSTATNIEJ MODYFIKACJI [,]
    • @
    • pole kontrolne
    • 20241231092336.0
020 -Międzynarod. znormalizowany nr książki - ISBN [ , ]
    • a
    • Numer ISBN
    • 9788375560978 Find
040 -Instytucja sporządzająca opis [ , ]
    • a
    • Instytucja, która sporządziła opis (NP)
    • WA 72/08AK
    • c
    • Instytucja, która sporządziła rekord (NP)
    • WA 72/08AK
    • d
    • Instytucja, która zmodyfikowała rekord (P)
    • WA 72/08AK
    • d
    • Instytucja, która zmodyfikowała rekord (P)
    • WA U/DNs
942 -Rodzaj dokumentu [ , ]
    • c
    • Rodzaj dokumentu
    • Książka
100 -Hasło główne - nazwa osobowa [1, ]
    • a
    • Nazwa osobowa (NP)
    • Koralewski, Michał
    • c
    • Dopowiedzenie inne niż daty biograficzne (P)
    • (prawo).
    • 9
    • KHW
    • 12019
245 -Strefa tytułu i oznaczenia odpowiedzialności [1,0]
    • a
    • Tytuł
    • Umowy leasingu : Find
    • b
    • Ciąg dalszy tytułu (NP)
    • aspekty podatkowo-prawne / Find
    • c
    • Pozostałe elementy strefy tytułu i oznaczenia odpowiedzialności (NP)
    • Michał Koralewski.
260 -Strefa adresu wydawniczego [ , ]
    • a
    • Miejsce wydania (P)
    • Warszawa :
    • b
    • Nazwa wydawcy (P)
    • CeDeWu. Pl. Wydawnictwa Fachowe,
    • c
    • Data wydania (P)
    • 2008.
300 -Strefa opisu fizycznego [ , ]
    • a
    • Określenie formy książki i/lub objętość (NP)
    • 120 s. :
    • b
    • Oznaczenie ilustracji (NP)
    • il. ;
    • c
    • Format (NP)
    • 24 cm.
336 -Typ zawartości [ , ]
    • a
    • Termin opisujący typ zawartości
    • Tekst
    • b
    • Kod określający zawartość
    • txt
    • 2
    • Źródło (terminu i kodu)
    • rdacontent
337 -Typ mediów [ , ]
    • a
    • Tryb odtwarzania
    • Bez urządzenia pośredniczącego
    • b
    • Kod typu mediów
    • n
    • 2
    • Źródło (terminu i kodu)
    • rdamedia
338 -Typ/rodzaj nośnika [ , ]
    • a
    • Hasło opisujące typ nośnika
    • Wolumin
    • b
    • Kod typu nośnika
    • nc
    • 2
    • Źródło (terminu i kodu)
    • rdacarrier
504 -Uwaga dot. bibliogr. załącznikowej [ , ]
    • a
    • Uwaga dot. bibliografii załącznikowej
    • Bibliogr. s. 115-120.
080 -Uniwersalna Klasyfikacja Dziesiętna [ , ]
    • 2
    • Identyfikator wydania tablic
    • UDC-P058
    • a
    • Symbol klasyfikacji
    • 347.45/.46
    • b
    • Dopowiedzenie
    • Poszczególne rodzaje umów. Sprzedaż. Cesja. Kupno. Wymiana. Barter. Umowy o usługi. Pełnomocnictwo. Zabezpieczenie wierzytelności. Umowy o pożyczkę. Zastaw. Depozyt. Dzierżawa. Wynajem. Leasing. Fortfaiting. Franchising.
080 -Uniwersalna Klasyfikacja Dziesiętna [ , ]
    • 2
    • Identyfikator wydania tablic
    • UDC-P058
    • a
    • Symbol klasyfikacji
    • 336.22
    • b
    • Dopowiedzenie
    • Podatki. Opłaty.
080 -Uniwersalna Klasyfikacja Dziesiętna [ , ]
    • 2
    • Identyfikator wydania tablic
    • UDC-P058
    • a
    • Symbol klasyfikacji
    • 657.6
    • b
    • Dopowiedzenie
    • Ocena i weryfikacja rachunkowości. Audyt finansowy. Rewizja finansowa. Kontrola rachunkowości. Sprawozdawczość finansowa. Analiza bilansu. Rewizja ksiąg. Biegli rewidenci.
650 -Hasło przedmiotowe [ ,7]
    • a
    • Hasło przedmiotowe
    • Leasing.
    • 2
    • Źródło terminu
    • kaba
    • 9
    • KHW
    • 116743
650 -Hasło przedmiotowe [ ,7]
    • a
    • Hasło przedmiotowe
    • Leasing
    • x
    • Określnik rzeczowy
    • prawo
    • z
    • Określnik geograficzny
    • Polska.
    • 2
    • Źródło terminu
    • kaba
    • 9
    • KHW
    • 368973
650 -Hasło przedmiotowe [ ,7]
    • a
    • Hasło przedmiotowe
    • Leasing
    • x
    • Określnik rzeczowy
    • podatki
    • x
    • Określnik rzeczowy
    • prawo
    • z
    • Określnik geograficzny
    • Polska.
    • 2
    • Źródło terminu
    • kaba
    • 9
    • KHW
    • 362465
980 -Symbol UKD [ , ]
    • a
    • UKD
    • 347.45/.46:336.22:657.6
920 -ISBN [ , ]
    • a
    • ISBN
    • 978-83-7556-097-8 Find
Data inwentaryzacji Lokalizacja Status udost. Numer inwentarzowy Sygnatura
2008-12-12BE-2E.71626 
2008-11-06BSA1SA.16856SA.16856
2015-08-18GW-3GW.3861347
2015-08-18GW-3GW.3862347
2015-08-18GW-3GW.3863347
2008-12-18T-2T.10316